[Event "83rd ESP-ch Women-ch 2018"]
[Site "Linares"]
[Date "2018.08.26"]
[Round "7"]
[White "Ortin Blanco, Ainhoa"]
[Black "Samuel Lares, Jairo"]
[Result "1-0"]
[WhiteElo "1951"]
[BlackElo "2006"]
[TimeControl "40/5400+30:1800+30"]
[Annotator "NA"]
[EventDate "2018.08.09"]
[PlyCount "67"]
[EventType "tourn"]
[EventCountry "ESP"]

1. d4 f5 2. c4 g6 3. Nc3 Nf6 4. h4 h6 5. Nh3 e6 6. Nf4 Rg8 7. e3 b6 8. Be2
Bb7 9. Bf3 c6 10. e4 Bb4 11. e5 Ne4 12. Bxe4 Bxc3+ 13. bxc3 fxe4 14. Qc2
Ba6 15. Qxe4 Bxc4 16. Nxg6 Bd5 17. Qg4 Qe7 18. Nxe7 Rxg4 19. Nxd5 cxd5 20.
Bxh6 Rxg2 21. Bg5 Nc6 22. Kf1 Rxg5 23. hxg5 O-O-O 24. Ke2 Rg8 25. Rag1 Ne7
26. Rh7 Ng6 27. Rf7 Kd8 28. Rh1 Nf8 29. f4 Ke8 30. Rf6 Ke7 31. Rhh6 Rg7 32.
Rh8 Nh7 33. Ra8 a5 34. a4 1-0

[Event "83rd ESP-ch Women-ch 2018"]
[Site "Linares"]
[Date "2018.08.26"]
[Round "7"]
[White "Serrano Garcia, Luis"]
[Black "Esquivias Quintero, Luis Manuel"]
[Result "0-1"]
[WhiteElo "1915"]
[BlackElo "2260"]
[TimeControl "40/5400+30:1800+30"]
[Annotator "ChessBase"]
[EventDate "2018.08.09"]
[PlyCount "58"]
[EventType "tourn"]
[EventCountry "ESP"]

1. e4 c5 2. Nc3 Nc6 3. Bb5 Nd4 4. Bc4 a6 5. a4 g6 6. Nf3 Bg7 7. O-O e6 8.
d3 Ne7 9. Nxd4 cxd4 10. Ne2 d5 11. exd5 Nxd5 12. Nf4 Ne7 13. Bd2 O-O 14.
Qf3 Rb8 15. h4 Bd7 16. h5 Bc6 17. Qh3 Qd6 18. Rfe1 e5 19. hxg6 hxg6 20. Ne2
Bd7 21. Qh2 b5 22. axb5 Bxb5 23. Bb3 Bxd3 24. Bxf7+ Rxf7 25. cxd3 Rxb2 26.
Bc1 Rc2 27. Ba3 Qf6 28. Qg3 Nf5 29. Qf3 Bh6 0-1

[Event "83rd ESP-ch Women-ch 2018"]
[Site "Linares"]
[Date "2018.08.26"]
[Round "7"]
[White "Badillo Ramos, Steve"]
[Black "Rios Gallardo, Guillermo"]
[Result "1-0"]
[WhiteElo "1901"]
[BlackElo "1992"]
[TimeControl "40/5400+30:1800+30"]
[Annotator "NA"]
[EventDate "2018.08.09"]
[PlyCount "99"]
[EventType "tourn"]
[EventCountry "ESP"]

1. e4 e6 2. d4 d5 3. Nd2 Nc6 4. c3 e5 5. exd5 Qxd5 6. Ngf3 exd4 7. Bc4 Qf5
8. cxd4 Be6 9. g4 Qa5 10. Bxe6 fxe6 11. Qb3 O-O-O 12. Qxe6+ Kb8 13. O-O Nf6
14. Nc4 Qa6 15. Ne3 Bd6 16. g5 Qe2 17. Qh3 Ne4 18. Nf5 Rhf8 19. N5h4 Nb4
20. Be3 Nc2 21. Rad1 Qb5 22. Qg2 g6 23. Rc1 Nb4 24. Rfd1 Nd3 25. Rc3 Nxc3
26. bxc3 Nf4 27. Bxf4 Rxf4 28. Qf1 Qd7 29. h3 Rdf8 30. Kg2 Qf7 31. Qe2 h6
32. Rd2 hxg5 33. Nxg5 Qf6 34. Nhf3 Qf5 35. c4 Qd7 36. Rd3 Re8 37. Re3 Rxe3
38. fxe3 Rf8 39. c5 Be7 40. Ne5 Qf5 41. Ngf3 Rh8 42. Ng4 Qe4 43. Nf2 Qb1
44. Ne5 Qf5 45. Qb2 Bh4 46. Nfg4 Rf8 47. Qe2 Ka8 48. Qd3 Qe6 49. d5 Qf6 50.
Nxf6 1-0

[Event "83rd ESP-ch Women-ch 2018"]
[Site "Linares"]
[Date "2018.08.26"]
[Round "7"]
[White "Cesar Maestre, Bernardo"]
[Black "Garcia Garcia, Adrian Antonio"]
[Result "0-1"]
[WhiteElo "1861"]
[BlackElo "2179"]
[TimeControl "40/5400+30:1800+30"]
[Annotator "ChessBase"]
[EventDate "2018.08.09"]
[PlyCount "120"]
[EventType "tourn"]
[EventCountry "ESP"]

1. d4 e6 2. Nf3 f5 3. Nc3 Nf6 4. Bg5 d5 5. e3 Bd6 6. Nb5 O-O 7. Nxd6 Qxd6
8. c3 c5 9. Bf4 Qb6 10. Qb3 c4 11. Qxb6 axb6 12. Bxb8 Rxb8 13. b3 b5 14.
Nd2 Ra8 15. f3 Bd7 16. b4 g5 17. Be2 Ra6 18. a3 Rfa8 19. Nb1 f4 20. exf4
gxf4 21. Bd1 e5 22. dxe5 Re8 23. Kd2 Rxe5 24. Re1 Rg5 25. Re2 Kf7 26. Kc1
Ne8 27. Raa2 Ng7 28. Rad2 Rd6 29. Bc2 Re6 30. Rxe6 Kxe6 31. Bxh7 Rh5 32.
Bg8+ Kd6 33. g4 fxg3 34. hxg3 Bc6 35. g4 Rh8 36. Bf7 Rf8 37. Bg6 Rxf3 38.
Rh2 Rf6 39. Bc2 Rf1+ 40. Kb2 Rg1 41. Rh6+ Ke5 42. Nd2 Kf4 43. Rf6+ Ke3 44.
Nf3 Rf1 45. Rf7 Rxf3 46. Rxg7 d4 47. cxd4 Kd2 48. Rg5 c3+ 49. Kb3 Be4 50.
Bxe4 c2+ 51. Bxf3 c1=Q 52. Be4 Qc4+ 53. Kb2 Qxd4+ 54. Ka2 Qxe4 55. Rc5 b6
56. Rf5 Kc3 57. Rf2 Qe6+ 58. Ka1 Qe1+ 59. Ka2 Qxf2+ 60. Kb1 Qb2# 0-1

[Event "83rd ESP-ch Women-ch 2018"]
[Site "Linares"]
[Date "2018.08.26"]
[Round "7"]
[White "Argibay Fontan, Santiago"]
[Black "Romero Romero, Sebastian"]
[Result "0-1"]
[WhiteElo "1788"]
[BlackElo "2171"]
[TimeControl "40/5400+30:1800+30"]
[Annotator "ChessBase"]
[EventDate "2018.08.09"]
[PlyCount "76"]
[EventType "tourn"]
[EventCountry "ESP"]

1. Nf3 d6 2. g3 f5 3. Bg2 Nf6 4. d4 g6 5. O-O Bg7 6. c4 O-O 7. Nc3 c6 8.
Qc2 Na6 9. a3 Be6 10. b3 Kh8 11. e3 Rc8 12. Bb2 Qd7 13. Ng5 Nc7 14. Nxe6
Nxe6 15. Rad1 d5 16. c5 Nh5 17. Bf3 f4 18. Bxh5 gxh5 19. exf4 Nxd4 20. Qd3
e5 21. Ne2 e4 22. Qxd4 Bxd4 23. Nxd4 Kg8 24. Kg2 Rce8 25. Rfe1 Qg4 26. h3
Qg6 27. Bc1 Rf6 28. Be3 Kf7 29. h4 Qg4 30. b4 Rg8 31. Kh2 Qd7 32. a4 Rfg6
33. Rb1 Rg4 34. Rg1 Qd8 35. Kh3 Qd7 36. Kh2 b6 37. cxb6 axb6 38. Rgc1 Rxh4+
0-1

[Event "83rd ESP-ch Women-ch 2018"]
[Site "Linares"]
[Date "2018.08.27"]
[Round "8"]
[White "Anton Guijarro, David"]
[Black "Nunez, Daniela Alejandra"]
[Result "1/2-1/2"]
[WhiteElo "2652"]
[BlackElo "2021"]
[Annotator "TA"]
[EventDate "2018.08.09"]
[PlyCount "114"]
[EventType "tourn"]
[EventCountry "ESP"]

1. d4 Nf6 2. c4 e6 3. Nf3 b6 4. g3 Bb7 5. Bg2 Be7 6. O-O O-O 7. Nc3 Ne4 8.
Bd2 Nxd2 9. Qxd2 d6 10. Rfd1 Nd7 11. Qc2 c6 $146 12. e4 Qc7 13. Rac1 Rac8
14. h4 a6 15. b4 Bf6 16. Bh3 Rfe8 17. Kg2 Rcd8 18. Ne2 c5 19. bxc5 bxc5 20.
d5 $1 exd5 21. exd5 Bc8 22. Neg1 Qa5 23. Rb1 Nb6 24. Bxc8 $14 Rxc8 25. Nh3
Qa4 26. Qf5 Qd7 27. Qxd7 Nxd7 28. Rb7 Rcd8 29. Rd2 Re4 30. Rc2 h6 31. Nd2
Re7 32. Ra7 Ne5 33. Rxe7 Bxe7 34. Rb2 Kf8 35. Rb6 Ra8 36. Ng1 Ke8 37. Ngf3
Nd7 38. Rb7 Kd8 39. g4 Kc8 40. Rb3 Rb8 41. Re3 Kd8 42. Nb3 Rb6 43. Na5 Nb8
44. g5 hxg5 45. hxg5 Ke8 46. Kg3 Kf8 47. Kf4 Bd8 48. Ke4 Ke8 49. Kd3+ Kd7
50. Nb3 a5 51. Kc2 Rb4 52. Re4 a4 $1 $11 53. Nc1 a3 54. Nd3 Rb6 55. Rf4 Ke8
56. Re4+ Kd7 57. Rf4 Ke8 1/2-1/2

[Event "83rd ESP-ch Women-ch 2018"]
[Site "Linares"]
[Date "2018.08.27"]
[Round "8"]
[White "Perez Candelario, Manuel"]
[Black "Bernabeu Lopez, Carlos Javier"]
[Result "1-0"]
[WhiteElo "2611"]
[BlackElo "2360"]
[Annotator "TA"]
[EventDate "2018.08.09"]
[PlyCount "57"]
[EventType "tourn"]
[EventCountry "ESP"]

1. e4 e5 2. Nf3 Nf6 3. Nxe5 d6 4. Nc4 Nxe4 5. Qe2 Qe7 6. Ne3 c6 7. b3 Nf6
8. Bb2 Nbd7 9. g3 Ne5 $146 10. h3 Ng6 11. Bg2 Bd7 12. c4 O-O-O 13. Nc3 Re8
14. b4 h5 15. b5 h4 16. bxc6 bxc6 17. c5 $1 d5 18. Qa6+ $1 $16 Kd8 19. Qa5+
Kc8 20. Na4 $36 Bf5 21. O-O $1 Bd3 22. Bxf6 gxf6 $14 23. Bxd5 $1 hxg3 $2
24. Nb6+ $1 $18 Kd8 25. Nd7+ $1 Kxd7 $2 26. Qxa7+ Kd8 27. Qa8+ Kd7 28.
Qxc6+ Kd8 29. Qa8+ 1-0

[Event "83rd ESP-ch Women-ch 2018"]
[Site "Linares"]
[Date "2018.08.27"]
[Round "8"]
[White "Del Rio de Angelis, Salvador Gabriel"]
[Black "Santos Ruiz, Miguel"]
[Result "1-0"]
[WhiteElo "2525"]
[BlackElo "2517"]
[Annotator "TA"]
[EventDate "2018.08.09"]
[PlyCount "43"]
[EventType "tourn"]
[EventCountry "ESP"]

1. d4 Nf6 2. c4 e6 3. Nc3 Bb4 4. e3 O-O 5. Bd3 d5 6. Nf3 dxc4 7. Bxc4 c5 8.
O-O cxd4 9. exd4 b6 10. Re1 Bb7 11. Bd3 h6 12. a3 Bd6 13. Bb1 $146 Nc6 14.
Qd3 Ne7 15. Ne5 Nf5 16. Qh3 Bb8 17. Bxf5 $40 Qxd4 18. Bxh6 gxh6 19. Rad1
Qf4 $11 20. Nxf7 Kxf7 21. Rxe6 Rg8 $2 22. Rd7+ $1 1-0

[Event "83rd ESP-ch Women-ch 2018"]
[Site "Linares"]
[Date "2018.08.27"]
[Round "8"]
[White "Aroshidze, Levan"]
[Black "Santos Latasa, Jaime"]
[Result "1-0"]
[WhiteElo "2504"]
[BlackElo "2582"]
[Annotator "TA"]
[EventDate "2018.08.09"]
[PlyCount "63"]
[EventType "tourn"]
[EventCountry "ESP"]

1. e4 e5 2. Nf3 Nc6 3. Bb5 a6 4. Ba4 d6 5. c3 Bd7 6. O-O g6 7. d4 Bg7 8. h3
Nf6 9. Re1 O-O 10. Nbd2 Re8 11. Bc2 h6 12. Nf1 b5 13. Ng3 Bc8 14. Be3 Bb7
15. Qd2 Kh7 16. b3 $146 Qe7 17. d5 Nb8 18. c4 c6 19. Rad1 Bf8 20. Nh2 Nbd7
21. Ng4 Ng8 22. f4 $16 h5 23. Nh2 exf4 24. Bxf4 Ne5 25. Nf3 bxc4 26. bxc4
cxd5 $2 27. Bxe5 $18 dxe5 28. exd5 Qc5+ 29. Kh1 Bh6 30. Qd3 Rad8 $2 31.
Nxe5 Re7 32. Nxf7 $1 1-0

[Event "83rd ESP-ch Women-ch 2018"]
[Site "Linares"]
[Date "2018.08.27"]
[Round "8"]
[White "Espinosa Aranda, Angel"]
[Black "Garriga Cazorla, Pere"]
[Result "1/2-1/2"]
[WhiteElo "2451"]
[BlackElo "2444"]
[TimeControl "40/5400+30:1800+30"]
[Annotator "ChessBase"]
[EventDate "2018.08.09"]
[PlyCount "41"]
[EventType "tourn"]
[EventCountry "ESP"]

1. Nf3 c5 2. c4 Nc6 3. d4 cxd4 4. Nxd4 Nf6 5. Nc3 e6 6. g3 Qb6 7. Ndb5 Ne5
8. Bg2 a6 9. Na3 Bxa3 10. bxa3 Nxc4 11. O-O Qc5 12. Na4 Qa5 13. Nb2 Nxb2
14. Bxb2 d5 15. e4 dxe4 16. Qd6 Qd5 17. Qf4 Qf5 18. Qd6 Qd5 19. Qf4 Qf5 20.
Qd6 Qd5 21. Qf4 1/2-1/2

[Event "83rd ESP-ch Women-ch 2018"]
[Site "Linares"]
[Date "2018.08.27"]
[Round "8"]
[White "Moreno Ruiz, Javier"]
[Black "Cruz Ramirez, Nauzet"]
[Result "1/2-1/2"]
[WhiteElo "2450"]
[BlackElo "2037"]
[Annotator "TA"]
[EventDate "2018.08.09"]
[PlyCount "117"]
[EventType "tourn"]
[EventCountry "ESP"]

1. d4 Nf6 2. c4 e6 3. Nc3 Bb4 4. Qc2 d5 5. cxd5 Qxd5 6. Nf3 Qf5 7. Qd1 Nc6
8. e3 O-O $146 9. Bd3 $16 Qh5 10. O-O Rd8 11. Ne2 $1 Bd6 12. h3 Qa5 13. a3
e5 $1 14. Bd2 Qb6 15. Nc3 Be6 16. b4 $1 a6 17. Ng5 exd4 $14 18. Nce4 Nxe4
19. Bxe4 g6 20. Nxe6 fxe6 21. Qg4 Re8 22. Rac1 Ne5 23. Qh4 Nf7 24. exd4 c6
25. Be3 Qd8 26. Qg4 Bf8 27. h4 Nd6 28. Bb1 Nf5 29. Bg5 Be7 30. Bxe7 Qxe7
31. h5 Qf6 32. hxg6 hxg6 33. Rfe1 Rad8 34. Rcd1 Kg7 35. Re4 Rd6 36. g3 Red8
37. Kg2 Rxd4 38. Rexd4 Nxd4 39. Bxg6 $1 Qxg6 40. Rxd4 Qxg4 41. Rxg4+ $11
Kf6 42. Rf4+ Kg6 43. Re4 Kf6 44. Re3 Rd5 45. Rf3+ Kg6 46. Re3 Kf6 47. f4 c5
48. bxc5 Rxc5 49. Kf3 b5 50. g4 a5 51. Rb3 Rd5 52. Ke4 Rc5 53. g5+ Ke7 54.
Rd3 b4 55. axb4 axb4 56. Rh3 Rb5 57. Rb3 Kf7 58. Kd4 Kg6 59. Ke4 1/2-1/2

[Event "83rd ESP-ch Women-ch 2018"]
[Site "Linares"]
[Date "2018.08.27"]
[Round "8"]
[White "Garza Marco, Sergio"]
[Black "Sanchez Vigon, David"]
[Result "1-0"]
[WhiteElo "2414"]
[BlackElo "2220"]
[Annotator "TA"]
[EventDate "2018.08.09"]
[PlyCount "53"]
[EventType "tourn"]
[EventCountry "ESP"]

1. d4 d5 2. c4 e6 3. Nc3 Nf6 4. cxd5 exd5 5. Bg5 c6 6. e3 Be7 7. Bd3 Nbd7
8. Qc2 h6 9. Bh4 Nh5 10. Bxe7 Qxe7 11. Nge2 Nb6 12. O-O-O Bd7 13. Kb1 O-O-O
14. Nc1 Kb8 15. Nb3 Bc8 16. Ka1 Nf6 $146 17. Rb1 Rhe8 18. Nc5 Nbd7 19. b4
b6 20. Qa4 $16 Qd6 21. Rb2 $2 Qc7 $2 22. b5 $1 $18 Bb7 $2 23. Nxb7 Kxb7 24.
bxc6+ Qxc6 25. Ba6+ Kc7 26. Nb5+ Kb8 27. Rc2 1-0

[Event "83rd ESP-ch Women-ch 2018"]
[Site "Linares"]
[Date "2018.08.27"]
[Round "8"]
[White "Merario Alarcon, Andres"]
[Black "Alshameary Puente, Ismael"]
[Result "1-0"]
[WhiteElo "2406"]
[BlackElo "2343"]
[Annotator "TA"]
[EventDate "2018.08.09"]
[PlyCount "83"]
[EventType "tourn"]
[EventCountry "ESP"]

1. c4 e5 2. Nc3 Nf6 3. Nf3 Nc6 4. e3 Bb4 5. Qc2 O-O 6. Nd5 Bc5 7. a3 a5 8.
Ng5 g6 9. h4 d6 10. Nxf6+ Qxf6 11. Ne4 Qe7 12. h5 Ba7 $146 13. b3 Be6 14.
Bb2 f5 15. Nc3 g5 16. O-O-O Qf7 17. h6 Ne7 18. Nb5 Bb8 $14 19. Be2 c6 20.
Nc3 Ba7 21. Rh5 Qf6 22. f4 gxf4 $11 23. exf4 Bd4 24. fxe5 dxe5 25. Rf1 Qg6
$36 26. Rh4 Qxg2 27. Qd1 Ng6 $1 $17 28. Rhh1 Kh8 29. Kb1 Rad8 30. Bf3 Qg5
$1 $19 31. Qc2 e4 $4 32. Nd5 $1 $18 cxd5 33. Bxd4+ Kg8 34. Rfg1 Qf4 $2 35.
Bh5 Kf7 36. Bxg6+ hxg6 37. c5 e3 38. dxe3 Qf3 39. h7 Rh8 40. Qc3 f4 41.
Bxh8 d4 42. Bxd4 1-0

[Event "83rd ESP-ch Women-ch 2018"]
[Site "Linares"]
[Date "2018.08.27"]
[Round "8"]
[White "Vega Gutierrez, Sabrina Neide"]
[Black "Domingo Nunez, Ruben"]
[Result "1/2-1/2"]
[WhiteElo "2390"]
[BlackElo "2318"]
[TimeControl "40/5400+30:1800+30"]
[Annotator "ChessBase"]
[EventDate "2018.08.09"]
[PlyCount "101"]
[EventType "tourn"]
[EventCountry "ESP"]

1. e4 e6 2. d4 d5 3. Nd2 Be7 4. Ngf3 Nf6 5. e5 Nfd7 6. Bd3 c5 7. c3 Nc6 8.
O-O g5 9. Qe2 h5 10. Qe3 Qb6 11. Nxg5 cxd4 12. cxd4 Qxd4 13. Qxd4 Nxd4 14.
Ngf3 Nc5 15. Nxd4 Nxd3 16. N2f3 b6 17. Nb5 Kd7 18. Rd1 Ba6 19. a4 Nb4 20.
Bg5 Bxb5 21. Bxe7 Kxe7 22. axb5 a6 23. bxa6 Nxa6 24. Ra3 Nc5 25. Rda1 Rxa3
26. Rxa3 Rc8 27. g3 Ne4 28. Nd4 Rc4 29. Rd3 Nc5 30. Rd1 Kd7 31. f3 Rb4 32.
Rd2 Na4 33. b3 Nc5 34. Kg2 Nxb3 35. Nxb3 Rxb3 36. f4 Ra3 37. Kh3 Ra8 38.
Kh4 Rh8 39. Kg5 Ke7 40. Rb2 f6+ 41. exf6+ Kf7 42. Rxb6 Rg8+ 43. Kxh5 Kxf6
44. Kh4 Rh8+ 45. Kg4 Rxh2 46. f5 Re2 47. Kf3 Re4 48. g4 Kf7 49. Rd6 Ke7 50.
Rxe6+ Rxe6 51. fxe6 1/2-1/2

[Event "83rd ESP-ch Women-ch 2018"]
[Site "Linares"]
[Date "2018.08.27"]
[Round "8"]
[White "Teran Alvarez, Ismael"]
[Black "Cruz Lledo, Pablo"]
[Result "1-0"]
[WhiteElo "2377"]
[BlackElo "2432"]
[Annotator "TA"]
[EventDate "2018.08.09"]
[PlyCount "89"]
[EventType "tourn"]
[EventCountry "ESP"]

1. e4 c6 2. d4 d5 3. e5 c5 4. dxc5 Nc6 5. Nf3 Bg4 6. c3 e6 7. Be3 Nge7 8.
Nbd2 Nf5 9. Bd4 Nfxd4 10. cxd4 Qa5 11. Qb3 O-O-O 12. Qc3 f6 $146 13. Qxa5
Nxa5 14. b4 Nc6 15. b5 Nb8 16. Bd3 $18 Nd7 17. Rc1 Be7 18. O-O $36 g5 19.
c6 Nf8 20. exf6 Bxf6 21. Rfe1 Bh5 22. Ne5 Be8 23. Nb3 b6 24. a4 Kc7 25. a5
Kd6 26. axb6 axb6 27. Ra1 Rg8 28. Ra6 Rb8 29. Rea1 Ng6 30. Bxg6 Bxg6 31.
Ra7 Rbd8 32. Nd7 Bh8 33. Nxb6 e5 34. Nc5 exd4 35. Nb7+ Kc7 36. Nxd8+ Kxb6
37. Rb7+ Kc5 38. Rc1+ Kb4 39. c7 Bf5 40. Nc6+ Kb3 41. Ne7 Bc8 42. Rb8 Re8
43. Rxc8 Rxe7 44. Rxh8 d3 45. c8=Q 1-0

[Event "83rd ESP-ch Women-ch 2018"]
[Site "Linares"]
[Date "2018.08.27"]
[Round "8"]
[White "Montero Melendez, Rafael"]
[Black "Lianes Garcia, Marcos"]
[Result "1/2-1/2"]
[WhiteElo "2367"]
[BlackElo "2340"]
[Annotator "TA"]
[EventDate "2018.08.09"]
[PlyCount "65"]
[EventType "tourn"]
[EventCountry "ESP"]

1. Nf3 c5 2. c4 Nc6 3. g3 g6 4. Bg2 Bg7 5. Nc3 d6 6. a3 e6 7. b4 Nge7 8.
Rb1 b6 9. O-O O-O 10. e3 Bb7 11. Ne2 Rc8 12. Bb2 e5 13. Qb3 $146 cxb4 14.
axb4 a5 15. b5 Nb4 16. Ba3 d5 17. Bxb4 axb4 18. cxd5 Bxd5 19. Qxb4 Bc4 20.
Rfe1 Nd5 21. Qa4 Bd3 22. Rbc1 Qd7 23. Nc3 Nxc3 24. Rxc3 Rxc3 25. dxc3 Bxb5
26. Qb4 Rc8 27. Rb1 Bd3 28. Rd1 Qb5 29. Qxb5 Bxb5 30. Rb1 Bd3 31. Rxb6 Rxc3
32. Rb8+ Bf8 33. h4 1/2-1/2

[Event "83rd ESP-ch Women-ch 2018"]
[Site "Linares"]
[Date "2018.08.27"]
[Round "8"]
[White "Ayats Llobera, Gerard"]
[Black "Tejedor Fuente, Enrique"]
[Result "0-1"]
[WhiteElo "2345"]
[BlackElo "2408"]
[Annotator "TA"]
[EventDate "2018.08.09"]
[PlyCount "84"]
[EventType "tourn"]
[EventCountry "ESP"]

1. e4 e6 2. d4 d5 3. Nd2 Be7 4. Ngf3 Nf6 5. e5 Nfd7 6. Bd3 c5 7. c3 Nc6 8.
O-O g5 9. dxc5 Nxc5 10. Be2 $146 g4 11. Ne1 Nxe5 12. Bxg4 Nxg4 13. Qxg4 b6
14. Nb3 h5 15. Qf4 Bd6 16. Qd4 e5 17. Qxd5 $11 Bb7 $36 18. Qd1 Ne6 19. Be3
Qc7 20. Qe2 O-O-O $1 $17 21. a4 f5 $1 22. f3 e4 $1 23. f4 $2 Bxf4 24. Bxf4
Nxf4 25. Qe3 Nd5 26. Qh3 Kb8 $1 27. Nd4 Bc8 28. a5 Rhf8 $2 29. axb6 $11
axb6 30. Ra7 $1 Qc5 31. Rh7 f4 32. Qxh5 Rd6 33. Rh8 Rxh8 $1 34. Qxh8 f3 $1
35. Qe5 Ne3 36. Qf4 Nxf1 37. b4 Qd5 $1 38. Nb5 $2 f2+ $1 $19 39. Kxf2 Qd2+
40. Qxd2 Rf6+ 41. Ke2 Bg4+ 42. Nf3 Nxd2 0-1

[Event "83rd ESP-ch Women-ch 2018"]
[Site "Linares"]
[Date "2018.08.27"]
[Round "8"]
[White "Alvarez Fernandez, Enrique"]
[Black "Arizmendi Martinez, Julen Luis"]
[Result "0-1"]
[WhiteElo "2324"]
[BlackElo "2507"]
[Annotator "TA"]
[EventDate "2018.08.09"]
[PlyCount "160"]
[EventType "tourn"]
[EventCountry "ESP"]

1. d4 d5 2. Nf3 Nf6 3. Bf4 c5 4. c3 Nc6 5. dxc5 e6 6. b4 a5 7. b5 Ne7 8.
Nbd2 Ng6 9. Bg3 Bxc5 10. e3 a4 $146 11. Bd3 Qa5 12. c4 dxc4 13. Bxc4 Ne4
14. O-O Nxg3 15. hxg3 O-O 16. Ne4 Rd8 17. Qe2 Be7 18. Rfd1 Bd7 19. Rd2 $1
Be8 20. Rad1 Rxd2 21. Rxd2 Qb4 22. Rb2 Qa3 23. Rc2 Rd8 24. Kh2 h6 25. Kg1
Qb4 26. Rb2 Qa5 27. Kh2 Rc8 28. Kg1 a3 29. Rb3 Nf8 30. Ne5 Qc7 $1 $36 31.
f4 Nd7 32. Bd3 Nxe5 33. Rc3 Qb8 34. Rxc8 Qxc8 35. fxe5 Qc7 36. Nd6 Bxd6 37.
exd6 Qxd6 38. Kf2 Qc5 39. Qd2 b6 40. Qe2 g6 41. Bc4 Kg7 42. g4 Kf6 43. Qd3
Ke7 44. Qb3 Bd7 45. Be2 Qd6 46. Qa4 Kf6 47. Qa8 Ke7 48. Qa4 $1 e5 49. Qa7
$2 Qc5 $2 50. Bd3 Ke6 51. Qa4 Kf6 52. Bc4 Kg7 53. Qb3 Qe7 54. Kg3 Qg5 55.
Bxf7 $17 Bxg4 56. Kh2 Qh4+ 57. Kg1 Qe7 58. Bc4 h5 59. Qd3 Qc5 60. Kf2 $2
Bf5 $1 $19 61. Qb3 h4 62. Qa4 Qd6 63. Qa7+ Bd7 64. Be2 Kh6 65. Qa4 Kg5 66.
g3 $2 hxg3+ 67. Kxg3 e4+ $1 68. Kf2 Bf5 69. Qc2 Bg4 70. Kg2 Bxe2 71. Qxe2
Qf6 72. Qc4 Qf3+ 73. Kh2 Qf2+ 74. Kh1 Qf3+ 75. Kh2 Qxe3 76. Qd5+ Kg4 77.
Qe6+ Kf3 78. Qxg6 Ke2 79. Qd6 Qd2 80. Qxa3 Kf1+ 0-1

[Event "83rd ESP-ch Women-ch 2018"]
[Site "Linares"]
[Date "2018.08.27"]
[Round "8"]
[White "Castellanos Gomez, Alejandro"]
[Black "Perez Perez, Gabriel"]
[Result "1/2-1/2"]
[WhiteElo "2320"]
[BlackElo "2058"]
[Annotator "TA"]
[EventDate "2018.08.09"]
[PlyCount "119"]
[EventType "tourn"]
[EventCountry "ESP"]

1. d4 g6 2. Nf3 Bg7 3. Nc3 d5 4. Bf4 c6 5. e3 Bf5 6. Bd3 Bxd3 7. Qxd3 Nf6
$146 8. h4 Nbd7 9. Ne5 Qa5 10. Qd2 Rc8 11. Nd3 c5 12. dxc5 Nxc5 13. Nxc5
Rxc5 14. Be5 O-O 15. Rd1 Rfc8 16. a3 Qa6 $1 $17 17. Bd4 Ne4 18. Qd3 Nxc3
19. Qxa6 bxa6 20. bxc3 Ra5 21. Bxg7 Kxg7 22. Rd3 Rxa3 23. Rxd5 Raxc3 24.
Ra5 Rxc2 25. O-O R8c6 26. Rfa1 Rc1+ 27. Rxc1 Rxc1+ 28. Kh2 Rc6 29. Kg3 Kf6
30. Kf4 Ke6 31. Kg5 h5 32. f3 $11 Kd6 33. Kh6 $1 Kc7 34. g4 Kb6 35. Ra3 Rc4
36. Kg5 $2 a5 $19 37. e4 hxg4 $2 38. fxg4 $15 Rxe4 39. h5 f6+ 40. Kxg6
Rxg4+ 41. Kf7 Rh4 42. Kg6 $1 a4 43. h6 Kb5 44. h7 e5 45. Rf3 a5 46. Rxf6 a3
47. Rf5 a2 48. Rxe5+ Kb4 49. Re4+ $1 Rxe4 50. h8=Q $11 Kb3 51. Qa1 Re2 52.
Qd1+ Rc2 53. Qd3+ Kb2 54. Qb5+ Kc1 55. Qxa5 Kb1 56. Qb4+ Kc1 57. Qa3+ Kb1
58. Qb3+ Kc1 59. Qa3+ Kb1 60. Qb3+ 1/2-1/2

[Event "83rd ESP-ch Women-ch 2018"]
[Site "Linares"]
[Date "2018.08.27"]
[Round "8"]
[White "Sole Pijuan, Ferran"]
[Black "Silva Rodriguez, Fernando"]
[Result "1-0"]
[WhiteElo "2320"]
[BlackElo "2239"]
[Annotator "TA"]
[EventDate "2018.08.09"]
[PlyCount "59"]
[EventType "tourn"]
[EventCountry "ESP"]

1. d4 d5 2. c4 e6 3. Nc3 Nf6 4. cxd5 exd5 5. Bg5 c6 6. Qc2 Be7 7. e3 Nbd7
8. Bd3 h6 9. Bh4 Nh5 10. Bxe7 Qxe7 11. Nge2 Nb6 12. O-O O-O 13. Rab1 a5 14.
Rbe1 Bd7 15. Ng3 $146 Nxg3 16. hxg3 f5 17. Nb1 Nc8 18. Nd2 Nd6 19. Nf3 Rf6
20. Ne5 Nf7 21. f4 Nd6 22. g4 g6 23. g3 Kg7 24. Re2 Qe8 25. g5 $36 hxg5 26.
Rh2 $1 Qe6 $2 27. fxg5 $18 Rff8 $2 28. Rh6 Be8 29. Qh2 Qg8 30. Rf4 1-0

[Event "83rd ESP-ch Women-ch 2018"]
[Site "Linares"]
[Date "2018.08.27"]
[Round "8"]
[White "Serarols Mabras, Bernat"]
[Black "Huerga Leache, Mikel"]
[Result "1-0"]
[WhiteElo "2313"]
[BlackElo "2451"]
[Annotator "TA"]
[EventDate "2018.08.09"]
[PlyCount "105"]
[EventType "tourn"]
[EventCountry "ESP"]

1. d4 Nf6 2. c4 e6 3. g3 c5 4. d5 exd5 5. cxd5 d6 6. Nc3 g6 7. Bg2 Bg7 8.
Nf3 O-O 9. O-O Re8 10. Bf4 Bf5 11. Nh4 Bg4 12. Qd2 Nh5 13. Bg5 $1 Qd7 $146
14. a4 Bh3 15. Bh6 Bf6 16. Nf3 Na6 17. Rfe1 Bxg2 18. Kxg2 Re7 19. h3 Bg7
20. Bg5 f6 21. Bh6 Nb4 22. Bxg7 Nxg7 23. Rac1 Rae8 24. Qf4 Nh5 25. Qd2 f5
26. Red1 Nf6 27. e3 Ne4 28. Qe2 Rf7 29. b3 Qe7 $36 30. Na2 Na6 31. Rc4 h6
32. h4 Qf6 33. Qc2 g5 34. hxg5 hxg5 35. Nd2 Nc7 36. Nxe4 $2 fxe4 $19 37.
Qe2 Ref8 $2 38. Nc3 $15 Qh6 $2 39. Nxe4 $16 Rh7 40. Qg4 $18 Kh8 41. Rcc1 $1
Qh2+ 42. Kf1 Nxd5 43. Ke2 Nf6 44. Qf5 Qh5+ 45. Kd3 Qf7 46. Nxg5 Qxb3+ 47.
Ke2 Rh5 $2 48. Qg6 $2 Rh2 $2 49. Rh1 Qa2+ 50. Rc2 Qxc2+ 51. Qxc2 Rxh1 52.
Qg6 d5 53. Ne6 1-0